000 00651nam a2200253Ia 4500
003 OSt
005 20221005122448.0
006 a|||||r|||| 00| 0
007 ta
008 221004b |||||||| |||| 00| 0 eng d
024 _a62159
037 _cTextual
040 _aCRL
_cCRL
_beng
041 _2eng
_aeng
082 _aW:915, F7
100 _aAlexander Horace G
_9632034
245 0 _aJustice among nations
260 _c1927
300 _avp.
_ccm.
490 _a(First merttsens lectures on war and peace)
650 _aPOLITICAL SCIENCE
942 _hW:915, F7
_cTEXL
_2cc
999 _c1044379
_d1044379